| 000 | 00472nam a2200181Ia 4500 | ||
|---|---|---|---|
| 001 | 23918 | ||
| 005 | 20260414151009.0 | ||
| 008 | 260414t2021||||xx |||||||||||||| ||spa|| | ||
| 041 | _aESP | ||
| 082 |
_a720.985 _bL96 |
||
| 100 |
_aLudeña Urquizo, Wiley _eAUT |
||
| 245 | 0 |
_aCiudad y arquitectura de la República. Encuadres 1821-2021 _b |
|
| 260 | _c2021 | ||
| 300 |
_axxxvii, 510 páginas : _c27 cm. |
||
| 650 | _aABD | ||
| 654 | _aCAU | ||
| 942 |
_cLIB _dJUS _fJUS _2ddc _n |
||
| 999 |
_c23918 _d23918 |
||